Videokonferenčné systémy vo virtuálnom priestore

Enregistré dans:
Détails bibliographiques
Auteur principal: Toleutay, Elvira (Auteur)
Autres auteurs: Rozinaj, Gregor (Directeur de thèse)
Format: Manuscrit Livre
Langue:slovaque
Publié: Bratislava : STU v Bratislave FEI, 2025
Sujets:
Accès en ligne:https://opac.crzp.sk/?fn=detailBiblioFormChildKBC6GK&sid=BA75C2D62745AD5723EA929ED92F&seo=CRZP-detail-kniha
Tags: Ajouter un tag
Pas de tags, Soyez le premier à ajouter un tag!

MARC

LEADER 00000ntm a22000003a 4500
001 stuzp103716
003 SK-STU
005 20260127153749.6
007 ta
008 150427s2015----xo-----f-mn---000-0-slo-d
040 |a STU  |b slo 
041 0 |a slo 
044 |a xo 
100 1 |a Toleutay, Elvira  |u 037000  |4 aut  |U FEI Fakulta elektrotechniky a informatiky  |T FEI Ústav multimediálnych informačných a komunikačných technológií  |X 116315  |U E070  |Y 818  |7 116315 
242 0 1 |a Videoconferencing Systems in Virtual Environment  |y eng 
245 1 0 |a Videokonferenčné systémy vo virtuálnom priestore 
260 |a Bratislava :  |b STU v Bratislave FEI,  |c 2025 
300 |a 45 s. 
650 4 |a Web-Socket  |2 slo 
650 4 |a WebRTC  |2 slo 
650 4 |a 3D Gaussian Splatting  |2 slo 
650 4 |a Videokonferencia  |2 slo 
650 4 |a virtuálna realita  |2 slo 
650 4 |a metaverse  |2 slo 
650 4 |a Videoconferencing  |2 eng 
650 4 |a WebSocket  |2 eng 
650 4 |a WebRTC  |2 eng 
650 4 |a 3D Gaussian Splatting  |2 eng 
650 4 |a virtual reality  |2 eng 
650 4 |a metaverse  |2 eng 
700 1 |a Rozinaj, Gregor  |u 037000  |k Z1  |4 ths  |U FEI Fakulta elektrotechniky a informatiky  |T FEI Ústav multimediálnych informačných a komunikačných technológií  |X 1945  |U E070  |Y 818  |7 A000001945 
856 4 |u https://opac.crzp.sk/?fn=detailBiblioFormChildKBC6GK&sid=BA75C2D62745AD5723EA929ED92F&seo=CRZP-detail-kniha